000 01468nam a2200229 a 4500
001 000016918
005 20200929165001.0
008 100312s1999 sp abc 000 0 spa d
020 _a8449408288
040 _aDO-SdBNP
_bspa
_cBNPHU
082 _aR 909
_bH673u
245 0 0 _aHistoria universal : /
_cdirección Carlos Gispert ; edición Graciela D'Angelo ...[ et. al ]; prólogo José Manuel Cuenca Toribio.
260 _aBarcelona, España :
_bInstituto Gallach,
_c1999.
300 _a10 v. :
_bil., maps., retrs. ;
_c30 cm.
504 _aIncluye bibliografía comentada al final de cada volúmen
505 2 _av.1. Prehistoria y primeras culturas / José M. Blazquez Martínez -- v.2. Antiguedad Clásica / Juan Francisco Rodríguez Neila -- v.3. Alta Edad Media (ss. V-XIII) / José Angel García de Cortázar y Ruiz de Aguirre -- v.4. Baja Edad Media (ss. XIII-XV) / Manuel Riu Riu v.5. Siglo XVl / José Ignacio Fortea Pérez -- v.6. Siglo XVll / Antonio Eiras Roel -- v.7. Siglo XVlll / Luis Miguel Enciso Recio -- v.8. Siglo XlX / Luis Palacios Bañuelos -- v.9. Siglo XX (1900-1945) / Antonio Fernández García -- v.10. Siglo XX (de 1945 a la actualidad) / José Manuel Cuenca Toribio.
650 4 _aHistoria universal
_vENCICLOPEDIAS Y DICCIONARIOS
_937399
700 1 _aGispert, Carlos,
_edir.
_911248
700 1 _aD'Angelo, Graciela,
_eed.
_937417
700 1 _aCuenca Toribio, José Manuel
_epról.
_937418
910 _aValidado. Control de calidad BNPHU
999 _c16450
_d16450